Nelligan et la musique
Збережено в:
| Автор: | |
|---|---|
| Формат: | Книга |
| Мова: | French |
| Опубліковано: |
Ottawa, Canadá
Editions de l´Université d´Ottawa
1971
|
| Предмети: | |
| Теги: |
Додати тег
Немає тегів, Будьте першим, хто поставить тег для цього запису!
|
MARC
| LEADER | 00000nam a2200000Ia 4500 | ||
|---|---|---|---|
| 008 | 170316s9999 xx 000 0 fre d | ||
| 040 | |a cru BVZT | ||
| 090 | |a 818 W-11n | ||
| 100 | |a Wyczynski, Paul | ||
| 245 | |a Nelligan et la musique | ||
| 260 | |a Ottawa, Canadá | ||
| 260 | |b Editions de l´Université d´Ottawa | ||
| 260 | |c 1971 | ||
| 300 | |a 145 páginas | ||
| 650 | |a LITERATURA CANADIENSE | ||
| 999 | |c 6678 |d 6678 | ||
| 942 | |c 15 D |h 818 W-11n |2 z | ||
